Disney Sorting Gallery II Quiz Stats

Quiz Updated Oct 26, 2015

Challenge
Share
Tweet
Embed
Score 0/55 Timer 04:00
39 Plays Today
% Correct
Cruella de Vil
96.3%
Captain Hook
95.8%
The Evil Queen
95.2%
Ursula
90.3%
Robin Williams
90%
Jafar
89.9%
Scar
89.8%
Eddie Murphy
89.6%
Matthew Broderick
89.1%
Owen Wilson
87.7%
James Earl Jones
87.6%
Christian Bale
87.4%
Tom Hanks
87.3%
Kevin Spacey
86.3%
The Queen of Hearts
86.1%
Slinky Dog
85.5%
Mel Gibson
85.3%
Dumbo
85.1%
Andy
84.5%
Rex
84%
Prince Charming
82.4%
Tinker Bell
80.8%
Magic Carpet
79.7%
The Beast
78.7%
Eric
78.5%
Phillip
77.9%
John Smith
77.8%
Tigger
77.7%
% Correct
Jessie the Yodeling Cowgirl
77.4%
Piglet
77.3%
Bullseye
77.1%
Eeyore
76.9%
Girl Meets World
76.9%
Governor Ratcliffe
76.2%
Winnie the Pooh
75.2%
Hannah Montana
74.9%
Hamm
74.7%
Barbie
73.8%
Phineas and Ferb
73.5%
Flynn Rider
73.5%
Thumper
73.4%
Mary Poppins
72%
Dory
71.6%
Lightning McQueen
71.4%
Yzma
69.1%
Li Shang
67.5%
Kanga
66.9%
Gravity Falls
66.2%
March Hare
66.2%
Herbie
65.5%
Zazu
59.6%
Naveen
59.4%
Roger
56.5%
Randall Boggs
52.2%
Scuttle
49.9%

You're not logged in!

Compare scores with friends on all Sporcle quizzes.
Sign Up with Email
OR
Log In

You Might Also Like...

Show Comments

Extras

Top Quizzes Today


Score Distribution

Your Account Isn't Verified!

In order to create a playlist on Sporcle, you need to verify the email address you used during registration. Go to your Sporcle Settings to finish the process.